000 00562nam a2200181Ia 4500
003 GCL
008 140319s9999 xx 000 0 ara d
040 _aGCL /
_cGCL
082 0 4 _a415.1
_bن م
100 1 _aنديم دعكور
245 1 0 _aالمفيد فى التعبير وتحليل النصوص /
_cنديم دعكور
300 _a285 ص
490 _aكتاب
_v0
650 0 4 _aاللغة العربية
650 0 4 _aاللغة العربية - الالفاظ
650 0 4 _aاللغة العربية - قواعد الاملاء
942 _2ddc
_cBK
999 _c42002
_d42002